Szczegóły MARC21

Zbiór zadań z matematyki dla studentów ekonomii /

003 -Nazwa inst., której nr kontr. jest w polu 001 [,]
    • @
    • Nazwa instytucji, której n kontrolny jest w polu 001
    • NUKAT
005 -DATA I CZAS OSTATNIEJ MODYFIKACJI [,]
    • @
    • pole kontrolne
    • 20241231101015.0
020 -Międzynarod. znormalizowany nr książki - ISBN [ , ]
    • a
    • Numer ISBN
    • 8389260050 Find
040 -Instytucja sporządzająca opis [ , ]
    • a
    • Instytucja, która sporządziła opis (NP)
    • KR U/IN
    • c
    • Instytucja, która sporządziła rekord (NP)
    • KR U/IN
    • d
    • Instytucja, która zmodyfikowała rekord (P)
    • KR U/ES
    • d
    • Instytucja, która zmodyfikowała rekord (P)
    • LUBL U/MZs
942 -Rodzaj dokumentu [ , ]
    • c
    • Rodzaj dokumentu
    • Książka
100 -Hasło główne - nazwa osobowa [1, ]
    • a
    • Nazwa osobowa (NP)
    • Dobek, Maria.
    • 9
    • KHW
    • 1860
245 -Strefa tytułu i oznaczenia odpowiedzialności [1,0]
    • a
    • Tytuł
    • Zbiór zadań z matematyki dla studentów ekonomii / Find
    • c
    • Pozostałe elementy strefy tytułu i oznaczenia odpowiedzialności (NP)
    • Maria Dobek, Olgierd Rakowski ; Uniwersytet Szczeciński. Wydział Zarządzania i Ekonomiki Usług. Katedra Metod Ilościowych.
250 -Strefa wydania [ , ]
    • a
    • Oznaczenie wydania (NP)
    • Wyd. 2 popr. i rozsz.
260 -Strefa adresu wydawniczego [ , ]
    • a
    • Miejsce wydania (P)
    • Szczecin :
    • b
    • Nazwa wydawcy (P)
    • PPH ZAPOL,
    • c
    • Data wydania (P)
    • 2002.
300 -Strefa opisu fizycznego [ , ]
    • a
    • Określenie formy książki i/lub objętość (NP)
    • 106 ;
    • c
    • Format (NP)
    • 24 cm.
336 -Typ zawartości [ , ]
    • a
    • Termin opisujący typ zawartości
    • Tekst
    • b
    • Kod określający zawartość
    • txt
    • 2
    • Źródło (terminu i kodu)
    • rdacontent
337 -Typ mediów [ , ]
    • a
    • Tryb odtwarzania
    • Bez urządzenia pośredniczącego
    • b
    • Kod typu mediów
    • n
    • 2
    • Źródło (terminu i kodu)
    • rdamedia
338 -Typ/rodzaj nośnika [ , ]
    • a
    • Hasło opisujące typ nośnika
    • Wolumin
    • b
    • Kod typu nośnika
    • nc
    • 2
    • Źródło (terminu i kodu)
    • rdacarrier
504 -Uwaga dot. bibliogr. załącznikowej [ , ]
    • a
    • Uwaga dot. bibliografii załącznikowej
    • Bibliogr. s. 106.
521 -Uwaga dot. przeznaczenia czytelniczego [8, ]
    • a
    • Uwaga dot. przeznaczenia czytelniczego
    • Dla studentów ekonomii studiów stacjonarnych, wieczorowych i zaocznych.
080 -Uniwersalna Klasyfikacja Dziesiętna [ , ]
    • 2
    • Identyfikator wydania tablic
    • UDC-P058
    • a
    • Symbol klasyfikacji
    • 51
    • b
    • Dopowiedzenie
    • Matematyka. Matematyka dyskretna.
    • x
    • Poddział wspólny
    • (075.8)
    • b
    • Dopowiedzenie
    • (Podręczniki dla szkół wyższych. Skrypty).
    • x
    • Poddział wspólny
    • (076)
    • b
    • Dopowiedzenie
    • (Materiały do ćwiczeń praktycznych. Zadania. Pytania i rozwiązania. Teksty programowane).
650 -Hasło przedmiotowe [ ,7]
    • a
    • Hasło przedmiotowe
    • Matematyka
    • v
    • Określnik formalny
    • zadania i ćwiczenia.
    • 2
    • Źródło terminu
    • kaba
    • 9
    • KHW
    • 350817
980 -Symbol UKD [ , ]
    • a
    • UKD
    • 51(075.8)(076)
700 -Hasło dodatkowe - nazwa osobowa [1, ]
    • a
    • Nazwa osobowa (NP)
    • Rakowski, Olgierd. Find
    • 9
    • KHW
    • 1861
710 -Hasło dodatkowe - nazwa ciała zbiorowego [2, ]
    • a
    • Nazwa ciała zbiorowego lub nazwa geograficzna jako pierwszy element (NP)
    • Przedsiębiorstwo Produkcyjno-Handlowe ZAPOL Dmochowski, Sobczyk.
    • 4
    • Kod relacji
    • pbl
    • 9
    • KHW
    • 54289
920 -ISBN [ , ]
    • a
    • ISBN
    • 83-89260-05-0 Find
Lokalizacja Data inwentaryzacji Status udost. Numer inwentarzowy
T2007-06-25-3TM.4640
T2008-03-10-3TM.5328
T2008-03-10-3TM.5329
T2008-03-13-3TM.5375
T2008-03-13-3TM.5376
T2008-03-13-3TM.5377
T2008-03-13-3TM.5386
T2009-08-18-3TM.6771
T2009-11-05-3TM.6933